La veillée de Vénus: pervigilivm veneris
Salvato in:
| Natura: | Libro |
|---|---|
| Lingua: | francese latino |
| Pubblicazione: |
París
Les Belles Lettres
1961
|
| Serie: | Collection des Universités de France
|
| Soggetti: | |
| Tags: |
Aggiungi Tag
Nessun Tag, puoi essere il primo ad aggiungerne!!
|
MARC
| LEADER | 00000nam a2200000 a 4500 | ||
|---|---|---|---|
| 001 | UCQ1679 | ||
| 003 | CL-VaPUC | ||
| 008 | 980721e19610000FR |||||||||||||||||fre|d | ||
| 041 | 0 | 7 | |a fre |2 CL-VaPUC |
| 041 | 0 | 7 | |a lat |2 CL-VaPUC |
| 082 | 0 | 4 | |a 871 |b VEI |2 21 |
| 245 | 1 | 3 | |a La veillée de Vénus: pervigilivm veneris |
| 300 | |a 29 p | ||
| 942 | |c BK | ||
| 945 | |d 19980721 00:00:00 |a mvenant | ||
| 260 | |a París |b Les Belles Lettres |c 1961 | ||
| 650 | 0 | |a Poesía latina |9 341307 | |
| 583 | |a last modification |c 19980721 00:00:00 |k Rodrigo Vera | ||
| 490 | 0 | |a Collection des Universités de France | |
| 999 | |c 272534 |d 272532 | ||
| 952 | |0 0 |1 0 |4 0 |6 871_000000000000000_VEI_1961 |7 0 |8 X |9 307629 |a BIBART |b BIBART |d 2019-11-20 |i 3442837 |o 871 VEI 1961 |p 3442837 |r 2025-03-13 |w 2019-11-20 |y BK_X |k ART | ||
| 952 | |0 0 |1 0 |4 0 |6 871_000000000000000_VEI_1961 |7 0 |8 DER_ROM |9 307630 |a BIBDER |b BIBDER |d 2019-11-20 |i 386474K |o 871 VEI 1961 |p 386474K |r 2023-01-25 |w 2019-11-20 |x Ubicación 4to piso |y BK |z Este recurso debe solicitarse con anticipación |k DER | ||